000 00297nam a2200121Ia 4500
005 20251222141949.0
008 251222s9999||||xx |||||||||||||| ||spa||
082 _aREF.150/O46
100 _aOlórtegui Miranda, Felipe
245 0 _aDiccionario de Psicología
264 _bSan Marcos
942 _cLIB
999 _c9610
_d9610